[Event "Vladivostok Russian Cup 2012"]
[Site "Vladivostok RUS"]
[Date "2012.09.23"]
[Round "7.14"]
[White "Pavlovskiy,M"]
[Black "Babiy,A"]
[Result "0-1"]
[WhiteElo "2252"]
[BlackElo "2438"]

1.e4 c5 2.Nf3 e6 3.d4 cxd4 4.Nxd4 a6 5.Nc3 Qc7 6.Be2 Nf6 7.a3 b5 8.Bf3 Bb7
9.O-O d6 10.Nb3 Be7 11.Re1 Nbd7 12.Bf4 Ne5 13.Bxe5 dxe5 14.Qe2 O-O 15.Red1 Rfc8
16.Rd2 h6 17.g3 Rab8 18.Bg2 Qb6 19.Kh1 Bc6 20.Na2 a5 21.f3 Bb7 22.Qf2 Qc7
23.c3 Ra8 24.Rad1 g6 25.Qe2 Bc6 26.Nbc1 Nd7 27.Nd3 Nb6 28.Nf2 Nc4 29.Rd3 h5
30.h4 Bf8 31.Nh3 Bh6 32.g4 hxg4 33.fxg4 Rd8 34.g5 Bg7 35.Nf2 Rxd3 36.Rxd3 Rd8
37.Rxd8+ Qxd8 38.a4 Qb6 39.Ng4 Nd6 40.Qd3 Be8 41.axb5 Bxb5 42.Qd2 Nc4 43.Qc2 a4
44.Nb4 Bf8 45.b3 Ne3 46.Qf2 axb3 47.Nxe3 b2 48.Qxb2 Qxe3 49.Kh2 Be2 50.Nc2 Qf4+
51.Kg1 Bc5+ 52.Nd4 exd4 53.cxd4 Qe3+ 54.Kh2 Bxd4 55.Qb8+ Kg7 56.Qg3 Qxg3+
57.Kxg3 Kf8  0-1

[Event "21st TCh-CRO 1a 2012"]
[Site "Sibenik CRO"]
[Date "2012.09.24"]
[Round "2.41"]
[White "Sprenger,J"]
[Black "Sax,G"]
[Result "1/2-1/2"]
[WhiteElo "2498"]
[BlackElo "2451"]

1.e4 c5 2.Nf3 e6 3.d4 cxd4 4.Nxd4 a6 5.Nc3 Qc7 6.Bd3 Bd6 7.Qe2 Nc6 8.Nxc6 dxc6
9.Qg4 Bf8 10.f4 e5 11.Qg3 Nf6 12.fxe5 Nh5 13.Qg5 g6 14.Be2 Be7 15.Qh6 Bf8
16.Qe3 Qxe5 17.Bxh5 gxh5 18.Qf2 Bb4 19.O-O Be6 20.Bf4 Qa5 21.Rad1 Rg8 22.Kh1 Bc5
23.Be3 Bxe3 24.Qxe3 Qg5 25.Qf2 Rd8 26.Rd3 h4 27.h3 Rxd3 28.cxd3 Qg3 29.Qf3 Ke7
30.d4 Qxf3 31.Rxf3 Rd8  1/2-1/2

[Event "1st Simon Bolivar Open 2012"]
[Site "San Cristobal VEN"]
[Date "2012.09.25"]
[Round "1.6"]
[White "Contreras,H"]
[Black "Flores,Di"]
[Result "0-1"]
[WhiteElo "2220"]
[BlackElo "2593"]

1.e4 c5 2.Nf3 e6 3.d4 cxd4 4.Nxd4 a6 5.Nc3 b5 6.g3 Bb7 7.Bg2 Nf6 8.O-O b4
9.Na4 Bxe4 10.Bxe4 Nxe4 11.Re1 Nc5 12.Qf3 Ra7 13.Nxc5 Bxc5 14.Nb3 Bb6 15.Bf4 Nc6
16.Bd6 Qf6 17.Qe2 h5 18.Rad1 h4 19.Kg2 Qh6 20.g4 Bc7 21.Rd5 h3+ 22.Kf1 Qf6
23.Qe3 Bxd6 24.Rxd6 Rc7 25.Nc5 Qxb2 26.Nxa6 Rc8 27.Nc5 O-O 28.Nxd7 Rfd8 29.Red1 Qxc2
30.Qxh3 Re8 31.R1d2 Qe4 32.Qg2 Qc4+ 33.Kg1 e5 34.Nb6 Qc1+ 35.Rd1 Nd4 36.Qf1 Qf4
37.Nxc8 Qxg4+ 38.Kh1 Qf3+ 39.Kg1 Ne2+ 40.Qxe2 Qxe2 41.Rd8 Rxd8 42.Rxd8+ Kh7
43.Nd6 Qxa2 44.Kg2 Qd5+  0-1

[Event "21st TCh-CRO 1a 2012"]
[Site "Sibenik CRO"]
[Date "2012.09.25"]
[Round "3.43"]
[White "Jovanovic,Zo CRO"]
[Black "Kozul,Z"]
[Result "0-1"]
[WhiteElo "2516"]
[BlackElo "2616"]

1.e4 c5 2.Nc3 e6 3.Nf3 a6 4.d4 cxd4 5.Nxd4 Qc7 6.Bd3 Nf6 7.O-O d6 8.f4 Nbd7
9.Kh1 b5 10.Qe2 Bb7 11.Bd2 Be7 12.Rae1 Nc5 13.e5 dxe5 14.fxe5 Nfd7 15.Qg4 Nxe5
16.Qxg7 O-O-O 17.Qxe5 Qxe5 18.Rxe5 Nxd3 19.cxd3 Rxd4 20.Rxf7 Rxd3 21.Be1 Bd8
22.a3 Rd7 23.Rxd7 Kxd7 24.Re2 Bf6 25.Bg3 Rg8 26.Rf2 Ke7 27.Bf4 Bd4 28.Rd2 e5
29.Bg3 Ke6 30.Ne2 Be3 31.Rd3 Bb6 32.h3 h5 33.h4 Bd5 34.Kh2 a5 35.Nc3 Bc4
36.Rd2 Rg4 37.Rd1 Bd4 38.Rc1 Be3 39.Re1 Bf4 40.Bxf4 Rxh4+ 41.Kg3 Rg4+ 42.Kf3 Rxf4+
43.Ke3 h4 44.Rh1 Kf5 45.Rh3 Rd4 46.Rf3+ Ke6 47.Rf8 Rd3+ 48.Ke4 b4 49.axb4 axb4
50.Na4 Rd4+ 51.Ke3 Bd5 52.Nc5+ Kd6 53.Nd3 Bxg2 54.Rd8+ Ke7 55.Rh8 h3 56.Nf2 Rf4
57.Ke2 Rf3 58.Nd3 e4 59.Nxb4 Bf1+ 60.Ke1 Kd6 61.Nc2 Bg2 62.Nd4 Rd3 63.Ne2 Rb3
64.Nc3 Ke5 65.Rh4 Kf5 66.Nd1 Ke5  0-1

[Event "Tatry Open 2012"]
[Site "Tatranske Zruby SVK"]
[Date "2012.09.25"]
[Round "4.46"]
[White "Navratil,Ji3"]
[Black "Zacik,A"]
[Result "1-0"]
[WhiteElo "2057"]
[BlackElo "1944"]

1.e4 c5 2.Nf3 e6 3.d4 cxd4 4.Nxd4 a6 5.Nc3 d6 6.a4 Nf6 7.Be2 Be7 8.O-O O-O
9.f4 Qc7 10.Kh1 b6 11.Bf3 Bb7 12.e5 dxe5 13.fxe5 Nfd7 14.Bxb7 Qxb7 15.Bf4 Nc6
16.Nxc6 Qxc6 17.Qg4 f5 18.exf6 Nxf6 19.Qe2 Nd5 20.Qe4 Bf6 21.Rad1 Bxc3 22.bxc3 Rac8
23.Be5 Nf6 24.Qh4 Qc4 25.Qg3 Qg4 26.Rb1 Qxg3 27.hxg3 Nd5 28.Rxf8+ Kxf8 29.Kg1 g6
30.Kf2 Ke7 31.Rh1 Rf8+ 32.Ke2 Rf7 33.c4 Nb4 34.Rb1 a5 35.c3 Rf5 36.Bd4 Nc6
37.Rxb6 Nxd4+ 38.cxd4 Rg5 39.Kf3 Rf5+ 40.Ke4 h5 41.Rb5 Rf2 42.Rxa5 Rxg2 43.Ra7+ Kf6
44.c5 Rxg3 45.a5 h4 46.a6 Ra3 47.Ra8 h3 48.Rf8+ Ke7 49.Rh8 Rxa6 50.Ke5 Ra3
51.Rh7+ Kf8 52.c6 Kg8 53.Rh4 Kf7 54.c7 Rc3 55.Rxh3 Rc1 56.Rh8  1-0

[Event "Tatry Open 2012"]
[Site "Tatranske Zruby SVK"]
[Date "2012.09.25"]
[Round "4.31"]
[White "Bednar,Jan"]
[Black "Popelka,O"]
[Result "1-0"]
[WhiteElo "2143"]
[BlackElo "2023"]

1.e4 c5 2.Nf3 e6 3.d4 cxd4 4.Nxd4 a6 5.Nc3 Qc7 6.g3 b5 7.Bg2 Bb7 8.O-O Nf6
9.Re1 d6 10.Bg5 Be7 11.Bxf6 gxf6 12.Qg4 Nc6 13.Qg7 Nxd4 14.Qxh8+ Kd7 15.Qxh7 Nxc2
16.Qxf7 Rf8 17.Qh5 Nxa1 18.Rxa1 b4 19.Ne2 f5 20.exf5 Rxf5 21.Qg4 Bxg2 22.Kxg2 Qc2
23.Rf1 Qxb2 24.Qc4 Re5 25.Nf4 Qc3 26.Qxa6 Bd8 27.Nd3 Ra5 28.Qb7+ Bc7 29.Rc1  1-0

[Event "1st Simon Bolivar Open 2012"]
[Site "San Cristobal VEN"]
[Date "2012.09.26"]
[Round "3.17"]
[White "Hevia,A"]
[Black "Palacios,A"]
[Result "1-0"]
[WhiteElo "2518"]
[BlackElo "2291"]

1.e4 c5 2.Nf3 e6 3.d4 cxd4 4.Nxd4 a6 5.Nc3 b5 6.Bd3 Bb7 7.O-O Nc6 8.Nxc6 Bxc6
9.Re1 Qb8 10.a4 b4 11.Nd5 Bd6 12.Qh5 Kf8 13.Ne3 Nf6 14.Qh4 Be7 15.Nc4 Nxe4
16.Qh5 f5 17.Bxe4 Bxe4 18.Bg5 Bxg5 19.Qxg5 Qc7 20.Rad1 d5 21.Ne3 Rc8 22.Re2 f4
23.Ng4 h6 24.Qh5 g6 25.Qe5 Qxe5 26.Nxe5 Rh7 27.f3 Bf5 28.Rd4 b3 29.cxb3 g5
30.g4 fxg3 31.hxg3 h5 32.Rb4 Re8 33.Rb6 g4 34.Kf2 Kg8 35.fxg4 hxg4 36.Ke3 Rf8
37.Rxa6  1-0

[Event "21st TCh-CRO 1a 2012"]
[Site "Sibenik CRO"]
[Date "2012.09.27"]
[Round "5.42"]
[White "Kadric,D"]
[Black "Filippov,An UZB"]
[Result "0-1"]
[WhiteElo "2423"]
[BlackElo "2617"]

1.e4 c5 2.Nf3 e6 3.d4 cxd4 4.Nxd4 a6 5.Nc3 Qc7 6.Bd3 Nf6 7.O-O Bc5 8.Nb3 Be7
9.f4 d6 10.a4 Nc6 11.a5 b5 12.axb6 Qxb6+ 13.Kh1 Qb8 14.Be3 Nb4 15.Be2 O-O
16.Bf3 e5 17.Na4 a5 18.c3 Nc6 19.f5 Bd8 20.Rf2 Bb7 21.Nd2 Ne7 22.c4 Bc6 23.b3 Bxa4
24.bxa4 Bb6 25.Rb1 Bxe3 26.Rxb8 Raxb8 27.Re2 Bc5 28.Nb3 Nc6 29.g4 Nd4 30.Nxd4 Bxd4
31.g5 Nd7 32.f6 g6 33.Qe1 Nc5 34.Qh4 Rb1+ 35.Re1 Rfb8 36.Bg4 h5 37.Bd1 R8b2
38.Rf1 Ne6 39.Qh3 Ra1 40.Bxh5 Rxf1+ 41.Qxf1 gxh5 42.c5 Ra2 43.Qb5 Ra1+ 44.Kg2 Nf4+  0-1

[Event "Tatry Open 2012"]
[Site "Tatranske Zruby SVK"]
[Date "2012.09.27"]
[Round "6.41"]
[White "Framberk,J"]
[Black "Slovak,Pa"]
[Result "1-0"]
[WhiteElo "1971"]
[BlackElo "2044"]

1.e4 c5 2.Nf3 e6 3.d4 cxd4 4.Nxd4 a6 5.Nc3 Qc7 6.Be2 Nf6 7.O-O Be7 8.f4 d6
9.a4 Nc6 10.Be3 O-O 11.Kh1 b6 12.e5 Nd5 13.Nxd5 exd5 14.Bf3 Nxd4 15.Bxd4 Bb7
16.c3 Rad8 17.Qe1 dxe5 18.Qxe5 Qxe5 19.fxe5 Bc5 20.Rad1 Rfe8 21.Rfe1 a5 22.Bxc5 bxc5
23.c4 Bc6 24.b3 Rb8 25.cxd5 Bd7 26.Re3 Bf5 27.Rc1 Bd7 28.h3 Rbc8 29.Kh2 Re7
30.Kg3 h6 31.h4 g5 32.hxg5 hxg5 33.d6 Ree8 34.Bd5 Kg7 35.Rf1 Be6 36.d7 Bxd5
37.dxe8=Q Rxe8 38.Rc1 Rb8 39.Rxc5 Bxb3 40.Rxa5 Rb4 41.Rb5  1-0

[Event "4th Sant Marti IM"]
[Site "Barcelona ESP"]
[Date "2012.09.29"]
[Round "1.2"]
[White "Sanchez Ibern,M"]
[Black "Martinez Ramirez,E"]
[Result "1/2-1/2"]
[WhiteElo "2332"]
[BlackElo "2298"]

1.e4 c5 2.Nf3 e6 3.d4 cxd4 4.Nxd4 a6 5.Nc3 b5 6.g3 Bb7 7.Bg2 Nf6 8.O-O b4
9.Na4 Bxe4 10.Bxe4 Nxe4 11.Re1 Nc5 12.Nxc5  1/2-1/2

[Event "TCh-FIN SM 2012-13"]
[Site "Porvoo FIN"]
[Date "2012.09.30"]
[Round "2.8"]
[White "Kosmo,S"]
[Black "Nieminen,K"]
[Result "1-0"]
[WhiteElo "2208"]
[BlackElo "2140"]

1.e4 c5 2.Nf3 e6 3.Nc3 a6 4.d4 cxd4 5.Nxd4 d6 6.Be3 Nf6 7.f3 h5 8.Qd2 Nc6
9.O-O-O Be7 10.Bg5 Bd7 11.Kb1 Rc8 12.f4 Nxd4 13.Qxd4 Qc7 14.e5 dxe5 15.fxe5 Nd5
16.Nxd5 exd5 17.e6 Bxe6 18.Bd3 Bd6 19.Qxg7 Kd7 20.Bf5 Kc6 21.Qd4 b5 22.Rhf1 Be5
23.Qd3 Kb7 24.h4 Qc4 25.Bxe6 fxe6 26.Qxc4 Rxc4 27.Rde1 Bg3 28.Rxe6 Bxh4 29.Rf7+ Kc8
30.Bxh4 Rxh4 31.a3 Ra4 32.Rd6 Rd8 33.Rc6+ Kb8 34.Rh6 h4 35.Rfh7 d4 36.Rxh4 d3
37.Rh8 dxc2+ 38.Kxc2 Rc4+ 39.Rxc4 Rxh8 40.Rg4 Kb7 41.Rd4 a5 42.g4 Kc6 43.g5 Rg8
44.Rg4 Rg6 45.Kd3 Kd5 46.Ke3 Ke5 47.Kf3 Kf5 48.Rf4+ Ke5 49.Kg4 Kd5 50.Kh5 Rg8
51.g6 Ke5 52.Rf2  1-0

[Event "21st TCh-CRO 1a 2012"]
[Site "Sibenik CRO"]
[Date "2012.09.30"]
[Round "8.14"]
[White "Ivic,Mat"]
[Black "Bosiocic,Mari"]
[Result "1-0"]
[WhiteElo "2285"]
[BlackElo "2577"]

1.e4 c5 2.Nf3 e6 3.d4 cxd4 4.Nxd4 a6 5.Nc3 Qc7 6.Be3 Nf6 7.Bd3 d6 8.O-O Nbd7
9.a4 b6 10.Nb3 Be7 11.f4 Bb7 12.Qf3 h5 13.Kh1 g6 14.Bg1 h4 15.Qh3 Nh5 16.Bd4 Rg8
17.Rae1 g5 18.fxg5 Rxg5 19.Be3 Rg7 20.Nd4 Ne5 21.Nf3 O-O-O 22.Nd5 Nxd3 23.cxd3 Bxd5
24.exd5 Qd7 25.Rc1+ Kb7 26.Rc6 exd5 27.Rxb6+ Ka8 28.Rxa6+ Kb8 29.Rb6+ Ka8
30.Qxd7 Rxd7 31.Ra6+ Kb8 32.Nd4 Bd8 33.Rc1 Kb7 34.Rac6 Rg4 35.Nb5 Rg6 36.b4 Re6
37.a5  1-0

[Event "3rd Copa Latino-Americana"]
[Site "Cali COL"]
[Date "2012.10.05"]
[Round "3.31"]
[White "Hernandez,Crist COL"]
[Black "Cespedes Galindo,Estefania"]
[Result "1-0"]
[WhiteElo "2094"]
[BlackElo "1789"]

1.e4 c5 2.Nf3 e6 3.d4 cxd4 4.Nxd4 a6 5.Nc3 Qc7 6.Bd3 Bb4 7.Bd2 Nf6 8.f4 d6
9.Qe2 Nbd7 10.Nb3 b6 11.O-O Bb7 12.Kh1 O-O 13.Nb5 axb5 14.Bxb4 Nc5 15.Nd2 Bc6
16.Bc3 Nfd7 17.Bxb5 Bxb5 18.Qxb5 Qb7 19.Rf3 d5 20.e5 Rfd8 21.Bd4 Ra5 22.Qe2 Ne4
23.Re3 Ndc5 24.b4 Ra4 25.Nxe4 dxe4 26.Rd1 Rd7 27.c3 Na6 28.Rxe4  1-0

[Event "TCh-ISL 2012-13"]
[Site "Reykjavik ISL"]
[Date "2012.10.05"]
[Round "1.4"]
[White "Antoniewski,R"]
[Black "Bergsson,St"]
[Result "1-0"]
[WhiteElo "2552"]
[BlackElo "2175"]

1.e4 c5 2.Nc3 a6 3.Nf3 e6 4.d4 cxd4 5.Nxd4 b5 6.Bd3 Bb7 7.O-O Qc7 8.Re1 Bc5
9.Nb3 Ba7 10.Qg4 Kf8 11.Bf4 d6 12.Qg3 e5 13.Be3 Nf6 14.Bxa7 Rxa7 15.a4 b4
16.Na2 Nc6 17.Rad1 h5 18.Qe3 a5 19.c3 Ra8 20.Rc1 Ng4 21.Qd2 Qb6 22.cxb4 axb4
23.Bb5 Ne7 24.Nxb4 f5 25.h3 f4 26.Qe2 Nf6 27.Nd2 Qd4 28.Nd3 Rh6 29.b4 Rg6
30.Rc7 Qb6 31.Rec1 Rb8 32.Kf1 Qd4 33.R7c4 Qb6 34.Nf3 Kg8 35.Nde1 Rd8 36.Rc7 Kf8
37.a5 Qa7 38.a6  1-0

[Event "TCh-ISL 2012-13"]
[Site "Reykjavik ISL"]
[Date "2012.10.06"]
[Round "2.3"]
[White "Baklan,V"]
[Black "Gajewski,G"]
[Result "1/2-1/2"]
[WhiteElo "2619"]
[BlackElo "2635"]

1.e4 c5 2.Nf3 e6 3.Nc3 a6 4.d4 cxd4 5.Nxd4 Qc7 6.Bd3 Nf6 7.Qe2 d6 8.f4 Nc6
9.Nxc6 bxc6 10.O-O Be7 11.Kh1 O-O 12.Rf3 e5 13.f5 d5 14.Rg3 Kh8 15.Rh3 g6
16.Bg5 d4 17.Bxf6+ Bxf6 18.Nd1 Bg5 19.Nf2 Kg7 20.Rf3 f6 21.Nh3 Be3 22.Rg3 Bd7
23.a4 a5 24.b3 Be8 25.Nf2 Bf4 26.Rf3 gxf5 27.exf5 Bh5 28.Ne4 Bxf3 29.Qxf3 Qe7
30.Rf1 Kh8 31.Bc4 Ra7 32.g3 Be3 33.h4 Qb4 34.Kh2 Rg7 35.Kh3  1/2-1/2

[Event "St Petersburg Rapid Cup 2012"]
[Site "St Petersburg RUS"]
[Date "2012.10.06"]
[Round "7.6"]
[White "Efimenko,Z"]
[Black "Movsesian,S"]
[Result "1-0"]
[WhiteElo "2689"]
[BlackElo "2699"]

1.e4 c5 2.Nf3 e6 3.Nc3 a6 4.d4 cxd4 5.Nxd4 Nc6 6.Be2 Qc7 7.O-O Nf6 8.Be3 d6
9.f4 Be7 10.Kh1 O-O 11.Qe1 Nxd4 12.Bxd4 b5 13.a3 Bb7 14.Qg3 Rad8 15.Rae1 Rd7
16.Bd3 Re8 17.Qh3 e5 18.fxe5 dxe5 19.Nd5 Bxd5 20.exd5 Rxd5 21.Bc3 g6 22.Qh6 Bf8
23.Qh4 Nd7 24.Be4 Rd6 25.Rxf7 Kxf7 26.Qxh7+ Bg7 27.Rf1+ Rf6 28.Bd5+ Re6 29.Bxe6+ Kxe6
30.Qg8+ Kd6 31.Rd1+ Kc6 32.Qxg7 Rd6 33.Re1 Re6 34.Qg8 Rf6 35.h3 Qd6 36.Qc8+ Kb6
37.Qd8+ Kc6 38.Ba5 Rf8 39.Qh4 Rf4 40.Qg3 Qf6 41.Kh2 Nc5 42.Bb4 Re4 43.Rd1 Qf4
44.Qxf4 exf4 45.Rd8 Ne6 46.Rd6+ Kb7 47.h4 Re2 48.Kg1 Kc7 49.Rxa6 Kd7 50.Kf1 Re4
51.c3 Ke8 52.Rb6 Re5 53.Rb7 Nd8 54.Rg7 Re6 55.Kf2 Nf7 56.Kf3 Rf6 57.Ke4 Kd7
58.Bc5 Ke6 59.Bd4 f3 60.gxf3 Nd6+ 61.Kd3 Rxf3+ 62.Ke2 Rh3 63.Rxg6+ Kd5 64.Rg5+ Ke4
65.Re5+ Kf4 66.Rd5 Nc4 67.Rxb5 Rh2+ 68.Bf2 Ne5 69.Rb8 Ng4 70.Rf8+ Ke4 71.a4 Rh1
72.Bg3 Kd5 73.Rf4  1-0

[Event "3rd Copa Latino-Americana"]
[Site "Cali COL"]
[Date "2012.10.07"]
[Round "7.17"]
[White "Bolivar,J"]
[Black "Munoz,Ju"]
[Result "0-1"]
[WhiteElo "2102"]
[BlackElo "2181"]

1.e4 c5 2.Nc3 e6 3.Nf3 a6 4.d4 cxd4 5.Nxd4 Qc7 6.Bd3 Nf6 7.Qe2 d6 8.f4 Nbd7
9.g4 Nc5 10.g5 Nfd7 11.Bd2 b5 12.Nd5 Nxd3+ 13.cxd3 exd5 14.exd5+ Be7 15.Nc6 Nb8
16.Ba5 Qd7 17.Kd2 Nxc6 18.dxc6 Qg4 19.Qxg4 Bxg4 20.Rhe1 f6  0-1

[Event "TCh-ISL 2012-13"]
[Site "Reykjavik ISL"]
[Date "2012.10.07"]
[Round "4.2"]
[White "Thorhallsson,G"]
[Black "Arnason,J"]
[Result "0-1"]
[WhiteElo "2156"]
[BlackElo "2502"]

1.e4 c5 2.Nf3 e6 3.d4 cxd4 4.Nxd4 a6 5.Nc3 d6 6.Be2 Qc7 7.O-O Nf6 8.f4 Be7
9.Be3 b5 10.a3 Bb7 11.Bd3 Nbd7 12.Kh1 Nc5 13.Qf3 O-O 14.Rae1 Rae8 15.Bg1 Bd8
16.Qg3 g6 17.e5 Nh5 18.Qh3 dxe5 19.fxe5 f5 20.exf6 Nf4 21.Rxf4 Qxf4 22.Rf1 Nxd3
23.Qxd3 Qg4 24.Nf3 Bxf6 25.h3 Qc4 26.Qxc4 bxc4 27.Na4 Bc6 28.Nc5 Bxb2 29.Nxa6 Bxa3
30.Nc5 Rf5 31.Na6 Ref8 32.Ra1 Rxf3 33.gxf3 Bxf3+  0-1

[Event "TCh-AUT 2 West 2012-13"]
[Site "Salzburg AUT"]
[Date "2012.10.07"]
[Round "3.5"]
[White "Hamberger,H"]
[Black "Stoeckl,N"]
[Result "0-1"]
[WhiteElo "2114"]
[BlackElo "2057"]

1.e4 c5 2.Nf3 e6 3.d4 cxd4 4.Nxd4 a6 5.Nc3 Qc7 6.g3 Nf6 7.Bg2 Bb4 8.Ne2 Nc6
9.O-O Bc5 10.Bf4 Ne5 11.Nd4 d6 12.Bg5 Bd7 13.Rb1 Rc8 14.Kh1 b5 15.Nce2 h6
16.Bc1 Nc6 17.c3 e5 18.Nb3 Bb6 19.Qd3 Be6 20.Be3 Bxe3 21.Qxe3 a5 22.Ra1 O-O
23.f4 a4 24.Nd2 Qa7 25.Qxa7 Nxa7 26.h3 Rc5 27.Rfd1 Rfc8 28.f5 Bd7 29.Nf1 d5
30.exd5 Bxf5 31.Ne3 Be4 32.d6 Rd8 33.Kg1 Bxg2 34.Kxg2 Rc6 35.Nf5 Kf8 36.Kf3 h5
37.Ne3 Rcxd6 38.g4 hxg4+ 39.hxg4 Nc6 40.Rxd6 Rxd6 41.Rd1 Rxd1 42.Nxd1 Ke7
43.Ne3 Ke6 44.Ng3 Na5 45.Ngf1 Nd5 46.Nd1 g6 47.g5 Nc4 48.Ng3 a3 49.bxa3 Nxa3
50.Ke4 Nf4 51.Ne3 Nh3  0-1

[Event "3rd Copa Latino-Americana"]
[Site "Cali COL"]
[Date "2012.10.08"]
[Round "8.3"]
[White "Barrientos,S"]
[Black "Zapata,Alo"]
[Result "1/2-1/2"]
[WhiteElo "2454"]
[BlackElo "2467"]

1.e4 c5 2.Nf3 e6 3.d4 cxd4 4.Nxd4 a6 5.Nc3 Qc7 6.f4 b5 7.Bd3 Bb7 8.Qe2 Be7
9.a3 Nc6 10.Nxc6 dxc6 11.O-O Nh6 12.e5 c5 13.Be4 O-O 14.Qf3 Rab8 15.Bxb7 Qxb7
16.Qxb7 Rxb7 17.Be3 Ng4 18.Bf2 Rd8 19.Rfd1 Rbd7 20.Rxd7 Rxd7 21.Rd1 Nxe5  1/2-1/2

[Event "TCh-ROU League A 2012"]
[Site "Olanesti ROU"]
[Date "2012.10.09"]
[Round "4.3"]
[White "Daianu,C"]
[Black "Hegedus,Iu"]
[Result "1/2-1/2"]
[WhiteElo "2288"]
[BlackElo "2327"]

1.e4 c5 2.Nf3 e6 3.d4 cxd4 4.Nxd4 a6 5.Nc3 Qc7 6.Be2 Nf6 7.a3 d6 8.Qd3 Nbd7
9.Qg3 Nc5 10.Bf3 Bd7 11.O-O g6 12.Bf4 e5 13.Bg5 Be7 14.Nb3 Nxb3 15.cxb3 Be6
16.Nd5 Nxd5 17.exd5 Bf5 18.Rac1 Qd8 19.Bxe7 Qxe7 20.Bg4 Bxg4 21.Qxg4 O-O
22.Rc3 f5 23.Qb4 Rac8 24.Rfc1  1/2-1/2

[Event "FSFMB October 2012"]
[Site "Budapest HUN"]
[Date "2012.10.10"]
[Round "4.6"]
[White "Lukacs,Albert"]
[Black "Mihajlova,D"]
[Result "1-0"]
[WhiteElo "1859"]
[BlackElo "1454"]

1.e4 c5 2.Nf3 e6 3.d4 cxd4 4.Nxd4 a6 5.Nc3 b5 6.a3 Bb7 7.g3 d6 8.Bg2 Qc7
9.O-O Nf6 10.h3 Nbd7 11.f4 Be7 12.Qe2 O-O 13.Bd2 Rae8 14.Rad1 d5 15.e5 Ne4
16.Nxe4 dxe4 17.Bxe4 Bc5 18.Bc3 Bb6 19.Kh2 Rd8 20.Bg2 Nc5 21.Rfe1 Na4 22.Rd3 Nc5
23.Re3 Na4 24.Rd1 Bxg2 25.Qxg2 Nxc3 26.Rxc3 Qd7 27.Rcd3 Bxd4 28.Qe4 Qc7 29.Rxd4 f5
30.exf6 Qb6 31.fxg7 Rfe8 32.Rxd8 Rxd8 33.Rxd8+ Qxd8 34.Qxe6+ Kxg7 35.Qe5+ Kf7
36.Qf5+ Kg7 37.Qg5+ Qxg5 38.fxg5 Kg6 39.Kg2 Kxg5 40.Kf3 Kf5 41.g4+ Kg5 42.b3 Kh4
43.c4  1-0

[Event "4th Sant Marti IM"]
[Site "Barcelona ESP"]
[Date "2012.10.13"]
[Round "3.1"]
[White "Sanchez Ibern,M"]
[Black "Lopez Agustench,E"]
[Result "1/2-1/2"]
[WhiteElo "2332"]
[BlackElo "2247"]

1.e4 c5 2.Nf3 e6 3.d4 cxd4 4.Nxd4 a6 5.Nc3 Qc7 6.Bd3 Bc5 7.Nb3 Be7 8.Qg4 g6
9.Bg5 d6 10.O-O-O Nc6 11.Bxe7 Qxe7 12.f4 Bd7 13.Kb1 O-O-O 14.a3 Kb8 15.Qe2 Bc8
16.g4 Qc7 17.Qf2 h5 18.g5 Nge7 19.Ne2 Rhe8 20.c4 Na5 21.Nxa5 Qxa5 22.Bc2 Qc5
23.Qxc5 dxc5 24.Ba4 Rf8 25.Kc1 Kc7 26.Rxd8 Rxd8 27.Rd1 Rxd1+ 28.Kxd1 Bd7
29.Bxd7 Kxd7 30.e5 Nf5 31.Kd2 b6 32.Kd3 Kc6 33.Nc3 Kc7 34.Ne4 a5 35.Nc3 Nd4
36.Nb5+  1/2-1/2

[Event "17th European Club Cup w"]
[Site "Eilat ISR"]
[Date "2012.10.15"]
[Round "5.3"]
[White "Ivkina,O"]
[Black "Cramling,P"]
[Result "0-1"]
[WhiteElo "2266"]
[BlackElo "2514"]

1.e4 c5 2.Nf3 e6 3.d4 cxd4 4.Nxd4 a6 5.Nc3 Qc7 6.Be2 b5 7.O-O Bb7 8.Re1 Nc6
9.Bf3 Ne5 10.Bf4 d6 11.Bh5 g6 12.Be2 Be7 13.a4 b4 14.Na2 Nf6 15.Nxb4 O-O
16.c3 Nxe4 17.Nxa6 Bxa6 18.Bxa6 Nxc3 19.bxc3 Rxa6 20.Nb5 Qc5 21.Be3 Qc6 22.Bh6 Rc8
23.Qd4 Qc4 24.h3 Qxd4 25.cxd4 Nc4 26.d5 e5 27.Rec1 g5 28.Rc3 Rc5 29.h4 f6
30.hxg5 fxg5 31.Rb1 Rxa4 32.Nd4 Ra3 33.Rxa3 Nxa3 34.Nf5 Nxb1  0-1

[Event "NIT Nagpur GM Open 2012"]
[Site "Nagpur IND"]
[Date "2012.10.16"]
[Round "2.2"]
[White "Kravtsiv,M"]
[Black "Gusain,H"]
[Result "1-0"]
[WhiteElo "2592"]
[BlackElo "2340"]

1.e4 c5 2.Nf3 e6 3.d4 cxd4 4.Nxd4 a6 5.Nc3 Qc7 6.Be2 Nf6 7.O-O Be7 8.f4 d6
9.Kh1 Nc6 10.Be3 O-O 11.Qe1 Bd7 12.a4 Nxd4 13.Bxd4 Bc6 14.Qg3 b6 15.Rae1 Qb7
16.Bd3 Rad8 17.Qh3 g6 18.f5 e5 19.Be3 b5 20.axb5 axb5 21.b4 Kh8 22.Bg5 gxf5
23.Nd5 Nxd5 24.exd5 Bxg5 25.dxc6 Qc7 26.Bxf5 f6 27.Bd7 Rf7 28.Rd1 Rg7 29.Qe6 Rgxd7
30.cxd7 Rxd7 31.Rd5 Rd8 32.Qf5 Qc4 33.Qd3 Qxb4 34.Rxb5 Qh4 35.Rd5 e4 36.Qd4 Bf4
37.Rh5 Qxh5 38.Qxf6+ Kg8 39.Qxd8+ Kg7 40.Qe7+ Kg8 41.Qe6+ Kg7 42.Qe7+ Kg8
43.h3  1-0

[Event "17th European Club Cup w"]
[Site "Eilat ISR"]
[Date "2012.10.17"]
[Round "7.2"]
[White "Bodnaruk,A"]
[Black "Danielian,E"]
[Result "0-1"]
[WhiteElo "2425"]
[BlackElo "2476"]

1.e4 c5 2.Nf3 e6 3.Nc3 a6 4.d4 cxd4 5.Nxd4 Nc6 6.Be2 Qc7 7.O-O Nf6 8.Be3 Be7
9.f4 d6 10.a4 O-O 11.Kh1 Nxd4 12.Qxd4 e5 13.Qd2 exf4 14.Bxf4 Be6 15.Qe3 Nd7
16.Qg3 Ne5 17.Rad1 Rad8 18.Bd3 Rfe8 19.Nd5 Bxd5 20.Bxe5 dxe5 21.exd5 g6 22.Be4 Bf8
23.d6 Rxd6 24.Bd5 Kh8 25.c4 Bg7 26.Qb3 Rd7 27.Rd3 f5 28.Rh3 e4 29.Qe3 Qe5
30.b4 h5 31.Qb6 Kh7 32.g4 fxg4 33.Re3 Rxd5 34.cxd5 Qxd5 35.Qc7 Qd4 36.Rfe1 Qxb4
37.Qf4 Qxa4 38.Rxe4 Qc6 39.Kg1 Qc5+ 40.Kg2 Qd5 41.h4 b5 42.Kh2 Rxe4 43.Rxe4 a5
44.Re7 Qa2+ 45.Kg1 Qb1+ 46.Kh2 Qb2+ 47.Kh1 a4 48.Qe4 g3  0-1

[Event "Advokatfirmaet Finn GpA"]
[Site "Harstad NOR"]
[Date "2012.10.19"]
[Round "3"]
[White "Bjerke,S"]
[Black "Engegard,Odon Toth"]
[Result "1/2-1/2"]
[WhiteElo "2233"]
[BlackElo "1676"]

1.e4 c5 2.Nf3 e6 3.d4 cxd4 4.Nxd4 a6 5.Nc3 Qb6 6.Nb3 Qc7 7.Bd3 b5 8.Be3 Nf6
9.O-O Bb7 10.a3 Be7 11.f4 d6 12.Qe1 O-O 13.Qg3 Nbd7 14.Rae1 Rac8 15.Kh1 Kh8
16.Nd4 Nc5 17.Bd2 Qb6 18.Nf3 Rfd8 19.Qh3 h6 20.b4 Nxd3 21.cxd3 Rc7 22.Rc1 Kg8
23.Rfe1 Bc8 24.Be3 Qb7 25.Qg3 Nh5 26.Qf2 Bf6 27.e5 dxe5 28.Bb6 Nxf4 29.Bxc7 Nxd3
30.Qd2 Nxe1 31.Bxd8  1/2-1/2

[Event "Advokatfirmaet Finn GpA"]
[Site "Harstad NOR"]
[Date "2012.10.19"]
[Round "4"]
[White "Royset,P"]
[Black "Eide,Christer"]
[Result "1/2-1/2"]
[WhiteElo "2193"]
[BlackElo "2017"]

1.e4 c5 2.Nf3 e6 3.Nc3 a6 4.d4 cxd4 5.Nxd4 Qb6 6.Be2 Bc5 7.Na4 Qa5+ 8.c3 Ba7
9.b4 Qc7 10.b5 Ne7 11.Rb1 Bxd4 12.cxd4 axb5 13.Bxb5 O-O 14.O-O d5 15.e5 Bd7
16.Ba3 Bxb5 17.Rxb5 Re8 18.Qb3 Qc4 19.Bxe7 Rxe7 20.Rc5 Rxa4 21.Rc1 Qxc1+
22.Rxc1 Rc4 23.Rxc4 dxc4 24.Qxc4 Nc6 25.g3 g6 26.h4 h5 27.f4 Rd7 28.Qb5 Kf8
29.Kf2 Ke8 30.d5 exd5 31.Ke3 Ke7 32.a4 Nd8 33.Qc5+ Ke6 34.Qc8 Ke7 35.Kd3 d4
36.a5 Nc6 37.Qh8 Nb4+ 38.Kc4 d3 39.Qf6+ Ke8 40.e6 fxe6 41.Qxe6+ Kd8 42.Kxb4 d2
43.Qf6+ Kc7 44.Qe5+ Kd8 45.Qf6+ Kc7  1/2-1/2

[Event "16th Unive Open"]
[Site "Hoogeveen NED"]
[Date "2012.10.19"]
[Round "1"]
[White "Gieben,Stijn"]
[Black "Piasetski,L"]
[Result "0-1"]
[WhiteElo "2068"]
[BlackElo "2298"]

1.e4 c5 2.Nf3 e6 3.d4 cxd4 4.Nxd4 a6 5.Nc3 b5 6.Bd3 Qb6 7.Nce2 Bb7 8.c3 Nf6
9.Ng3 h5 10.f3 d6 11.Be3 Qc7 12.a4 bxa4 13.Qxa4+ Nbd7 14.O-O d5 15.Rae1 h4
16.exd5 Nxd5 17.Ne4 Nxe3 18.Rxe3 Be7 19.Bc4 Rh6 20.Rd1 Qb6 21.Kh1 O-O-O 22.Red3 Ne5
23.R3d2 Nxc4 24.Qxc4+ Qc7 25.Qe2 Rh5 26.b4 Re5 27.Qd3 Red5 28.Qe2 Qb6 29.Nc2 f5
30.Nf2 Rxd2 31.Rxd2 Rxd2 32.Qxd2 Qb5 33.Qd3 Qe5 34.Qe3 Qd5 35.Qd3 Qa2 36.Kg1 Bf6
37.c4 Qb2 38.Nd1 Qc1 39.Kf2 Qf4 40.g3 hxg3+ 41.hxg3 Qh6 42.Nde3 Qh2+ 43.Ng2 Be5  0-1

[Event "13th Liberec Open 2012"]
[Site "Liberec CZE"]
[Date "2012.10.20"]
[Round "1"]
[White "Linnemann,Niklas"]
[Black "Dambrauskas,V"]
[Result "1/2-1/2"]
[WhiteElo "1906"]
[BlackElo "2328"]

1.e4 c5 2.Nf3 e6 3.d4 cxd4 4.Nxd4 a6 5.Nc3 Qc7 6.Bd3 Nf6 7.O-O b5 8.Bd2 Bb7
9.Qe2 Bc5 10.Nb3 Ba7 11.Rae1 d6 12.Kh1 h5 13.f4 h4 14.Nd1 Nh5 15.Be3 Qe7
16.Kg1 Bxe3+ 17.Qxe3 Nc6 18.e5 O-O-O 19.Nc3 d5 20.Ne2 f5 21.exf6 Nxf6 22.Ned4 Nxd4
23.Nxd4 Ne4 24.Bxe4 dxe4 25.Nb3 Rh5 26.Rd1 Rhd5 27.Rxd5 Rxd5 28.Re1 g5 29.fxg5 Rxg5
30.Qc3+ Qc7 31.Qh8+ Qd8 32.Qc3+ Kb8 33.Qe3 h3 34.g3 Rd5 35.Nc5 Rd1 36.Nxb7 Rxe1+
37.Qxe1 Qb6+ 38.Qf2 e3 39.Qf8+ Kxb7 40.Qe7+ Kc8 41.Qe8+ Kc7 42.Qe7+  1/2-1/2

[Event "13th Liberec Open 2012"]
[Site "Liberec CZE"]
[Date "2012.10.20"]
[Round "1"]
[White "Dadello,Al"]
[Black "Vorobyov,Y"]
[Result "1/2-1/2"]
[WhiteElo "1863"]
[BlackElo "2252"]

1.e4 c5 2.Nf3 a6 3.Nc3 e6 4.d4 cxd4 5.Nxd4 b5 6.Bd3 Qb6 7.Be3 Bc5 8.Nce2 Nf6
9.c3 b4 10.O-O bxc3 11.bxc3 d6 12.Rb1 Qc7 13.Nc2 Nbd7 14.f4 O-O 15.Kh1 Bb7
16.Ng3 Rab8 17.Bd2 e5 18.f5 d5 19.Qf3 Rfd8 20.Nb4 dxe4 21.Nxe4 a5 22.Na6 Bxa6
23.Bxa6 Nxe4 24.Qxe4 Qd6 25.Qe2 Nb6 26.Rfd1 Nd7  1/2-1/2